| 000 | 01216nam a22001937a 4500 | ||
|---|---|---|---|
| 003 | JO-AjAnu | ||
| 005 | 20240402124252.0 | ||
| 008 | 240402b jo ||||| |||| 00| 0 ara d | ||
| 040 |
_aJO-AjAnu _cANU |
||
| 041 | 1 | _hara | |
| 100 | 1 |
_aالشخيبي، بلال عدنان _eمعد _965264 |
|
| 245 | 0 |
_aأثر استقلالية ديوان المحاسبة الأردني وفقا لمتطلبات المنظمة الدولية للأجهزة العليا للرقابة المالية والمحاسبية في تعزيز المساءلة والشفافية = The Impact of the Audit Bureau at Jordan independence in Accordance with the Requirements of the International Organization for Supreme Audit Institutions on Enhancing Accountability and Transparency / _cاعداد بلال عدنان الشخيبي ؛ اشراف ليث عبد الله العريان |
|
| 260 | _c2023 | ||
| 300 | _a91 ورقة | ||
| 500 | _aرسالة جامعية (ماجستير) تخصص المحاسبة / جامعة عجلون الوطنية | ||
| 650 | 7 | _vالرقابة المالية-مراجعة الحسابات-الأردن | |
| 700 | 1 |
_aالعريان، ليث عبدالله _965104 _eمشرف |
|
| 942 |
_2lcc _cTHS _n0 |
||
| 999 |
_c33408 _d33408 |
||